| 000 | 01077nam a2200361 a 4500 | ||
|---|---|---|---|
| 003 | AR-BaBNM | ||
| 005 | 20251128205753.0 | ||
| 008 | 082120s2002 ||||||||||||||000 | spa|| | ||
| 020 | _a950-724-474-3 | ||
| 040 | _cAR-BaBNM | ||
| 100 | 1 | _aParaíso, Virginia | |
| 245 | 0 | 0 | _aEl trabajo social en América Latina |
| 260 |
_aBuenos Aires _bLumen _c1995 |
||
| 300 | _a112 p. | ||
| 490 | 0 | _aPolítica, servicios y trabajo social | |
| 500 | _aNotas y referencias bibliográficas a pie de página | ||
| 610 | 2 | 4 | _aComisión Económica para América Latina y el Caribe |
| 650 | 4 | _aTRABAJO SOCIAL | |
| 650 | 4 | _aPOLITICA SOCIAL | |
| 650 | 4 | _aESTADO | |
| 650 | 4 | _aPOLITICAS PUBLICAS | |
| 650 | 4 | _aDESARROLLO NACIONAL | |
| 650 | 4 | _aPROBLEMAS SOCIALES | |
| 650 | 4 | _aPLANIFICACION SOCIAL | |
| 650 | 4 | _aSERVICIOS SOCIALES | |
| 650 | 4 | _aLEGISLACION SOCIAL | |
| 650 | 4 | _aCOOPERACION INTERNACIONAL | |
| 651 | 4 | _aAmérica Latina | |
| 800 | 1 |
_aAnder-Egg, Ezequiel _edirector |
|
| 800 | 1 |
_aAguilar Idáñez, María José _edirector |
|
| 942 | _cBK | ||
| 998 | _carturo | ||
| 999 |
_c12751 _d12751 |
||